000 00722nam a2200217 a 4500
001 000019625
005 20200929170100.0
008 100701s1995 sp a r 000 p spa d
020 _a8470094564
040 _aDO-SdBNP
_bspa
_cBNPHU
082 _a861.44
_bF944a
100 1 _aFrühbeck de Burgos, Carlos
_942064
245 1 0 _aAndadura entre la niebla y la luz /
_cCarlos Frühbeck ; prólogo Fray Valentín de la Cruz.
260 _aBurgos :
_bBurgos,
_c1995.
300 _a63 p. :
_bil. ;
_c24 cm.
500 _aIncluye biografía del autor en la contracubierta.
650 4 _aPoesía española
_9631
650 4 _aLiteratura española
_9632
700 1 _aCruz, Valentín de la,
_cFray,
_epról.
_942065
049 _aBNGR
999 _c19141
_d19141